Biggest towns of North Ayrshire - Statistics

General Stats
  • This quiz has been taken 72 times
  • The average score is 8 of 10
Answer Stats
Population Town % Correct
11,090 Largs
98%
33,910 Irvine
95%
12,130 Saltcoats
93%
15,950 Kilwinning
88%
10,450 Ardrossan
84%
4,850 West Kilbride
77%
9,030 Stevenston
72%
5,260 Dalry
63%
5,930 Beith
53%
7,090 Kilbirnie
37%
No matching quizzes found
Score Distribution
Percent of People with Each Score
Percentile by Number Answered
Your Score History
You have not taken this quiz